书目信息 |
| 题名: |
欠发达板块的经济学大纲
|
|
| 作者: | 王杰 著 | |
| 分册: | ||
| 出版信息: | 北京 中国社会科学出版社 2005 |
|
| 页数: | 259页 | |
| 开本: | 21cm | |
| 丛书名: | ||
| 单 册: | ||
| 中图分类: | F092.7 | |
| 科图分类: | ||
| 主题词: | 经济思想 | |
| 电子资源: | ||
| ISBN: | 7-5004-4847-3 | |
| 000 | 00977nam0 2200241 450 | |
| 001 | TS2006027395 | |
| 005 | 20070109163030.26 | |
| 010 | @a7-5004-4847-3@dCNY20.00 | |
| 100 | @a20060829d2005 em y0chiy0110 ea | |
| 101 | 0 | @achi |
| 102 | @aCN@b110000 | |
| 105 | @ay z 000yy | |
| 200 | 1 | @a欠发达板块的经济学大纲@AQian Fa Da Ban Kuai De Jing Ji Xue Da Gang@e陈云经济思想纵论@EChen Yun Jing Ji Si Xiang Zong Lun@f王杰著@FWang Jie Zhu |
| 210 | @a北京@c中国社会科学出版社@d2005 | |
| 215 | @a259页@d21cm | |
| 330 | @a陈云经济思想涵盖了政治经济学、宏观经济学、经济决策学和国民经济管理学等诸多经济学科范畴,是关于中国欠发达板块经济学的百科全书,本书试图从探索和构建欠发达板块经济学大视野的角度专题研究陈云经济思想。 | |
| 517 | 1 | @a陈云经济思想纵论@AChen Yun Jing Ji Si Xiang Zong Lun |
| 600 | 0 | @a陈云@f(1905~1995)@x经济思想@x研究 |
| 606 | 0 | @a经济思想 |
| 690 | @aF092.7@v4 | |
| 701 | 0 | @a王杰@AWang Jie@4著 |
| 801 | 0 | @aCN@b中图数据@c20070109 |
| 905 | @a10447@dF092.7@e27 | |
| 欠发达板块的经济学大纲:陈云经济思想纵论/王杰著.-北京:中国社会科学出版社,2005 |
| 259页;21cm |
| ISBN 7-5004-4847-3:CNY20.00 |
| 陈云经济思想涵盖了政治经济学、宏观经济学、经济决策学和国民经济管理学等诸多经济学科范畴,是关于中国欠发达板块经济学的百科全书,本书试图从探索和构建欠发达板块经济学大视野的角度专题研究陈云经济思想。 |
| ● |
| 相关链接 |
|
|
|
|
正题名:欠发达板块的经济学大纲
索取号:F092.7/27
 
预约/预借
| 序号 | 登录号 | 条形码 | 馆藏地/架位号 | 状态 | 备注 |
| 1 | 0602420 | 206024201 | 第一样本阅览室/ [索取号:F092.7/27] | 在馆 | |
| 2 | 0602421 | 206024210 | 第一借阅区/ [索取号:F092.7/27] | 在馆 | |
| 3 | 0602422 | 206024229 | 第一借阅区/ [索取号:F092.7/27] | 在馆 | |
| 4 | 0602423 | 206024238 | 第一借阅区/ [索取号:F092.7/27] | 在馆 | |
| 5 | 0602424 | 206024247 | 第一借阅区/ [索取号:F092.7/27] | 在馆 |